000 00304 a2200145 4500
001 168209
020 _a
040 _cMagnum
100 _aKeleman, Stanley
240 1 0 _aAnatomia emocional
_lpor
245 1 0 _aAnatomia emocional
362 0 _a1899
697 _aCIENCIAS MEDICAS SAUDE
942 _cBK
999 _c168209
_d168209